[Event "GER-ch U25-B"]
[Site "Willingen"]
[Date "2019.06.12"]
[Round "5"]
[White "Grunert, Wilhelm"]
[Black "Rempe, Janne"]
[Result "0-1"]
[WhiteElo "1749"]
[BlackElo "1720"]
[PlyCount "58"]
[EventDate "2019.06.08"]
[EventType "swiss"]
[EventRounds "9"]
[EventCountry "GER"]
[SourceTitle "CBM 191 Extra"]
[Source "ChessBase"]
[SourceDate "2019.09.30"]
[SourceVersion "1"]
[SourceVersionDate "2019.09.30"]
[SourceQuality "1"]

1. e4 d6 2. d4 Nf6 3. Nc3 Nbd7 4. Be3 e5 5. f3 Be7 6. Qd2 c6 7. 0-0-0 0-0 8. g4 b5 9. Nge2 a5 10. Ng3 Nb6 11. g5 Nfd7 12. h4 b4 13. Nb1 d5 14. Nf5 exd4 15. Qxd4 f6 16. Rg1 c5 17. Qd2 Ne5 18. Qg2 Bxf5 19. gxf6 Bxf6 20. exf5 Nec4 21. Rd3 Bxb2+ 22. Kd1 Nxe3+ 23. Rxe3 Bd4 24. c3 bxc3 25. Nxc3 Rf7 26. f6 Qxf6 27. f4 Bxe3 28. Nxd5 Qd4+ 29. Kc2 Nxd5 0-1

[Event "Youth District Germany"]
[Site "Wuerzburg"]
[Date "2018.10.04"]
[Round "3.7"]
[White "Grunert, Wilhelm"]
[Black "Liu, Sijia Anna"]
[Result "1/2-1/2"]
[WhiteElo "1653"]
[BlackElo "1730"]
[PlyCount "98"]
[EventDate "2018.10.02"]
[EventType "team-swiss"]
[EventRounds "7"]
[EventCountry "GER"]
[SourceTitle "CBM 186 Extra"]
[Source "ChessBase"]
[SourceDate "2018.08.24"]
[SourceVersion "1"]
[SourceVersionDate "2018.08.24"]
[SourceQuality "1"]
[WhiteTeam "Bayern U20 II"]
[BlackTeam "Wuerttemberg U20"]
[WhiteTeamCountry "GER"]
[BlackTeamCountry "GER"]

1. e4 c5 2. Nf3 d6 3. d4 cxd4 4. Nxd4 Nf6 5. Nc3 a6 6. Be3 e6 7. f3 b5 8. Qd2 Nbd7 9. g4 Nb6 10. h4 Bb7 11. h5 Nfd7 12. g5 Ne5 13. b3 Rc8 14. f4 Ng4 15. Be2 Nxe3 16. Qxe3 Qc7 17. Kd2 d5 18. e5 Bb4 19. Rh3 Nd7 20. a3 Bc5 21. Qd3 Qa5 22. g6 hxg6 23. Nxe6 fxe6 24. Qxg6+ Kd8 25. Qxg7 Re8 26. h6 d4 27. h7 dxc3+ 28. Kd1 Qb6 29. h8Q Rxh8 30. Rxh8+ Kc7 31. Rxc8+ Kxc8 32. Ke1 Bg1 33. Qg3 Be4 34. Qxc3+ Qc5 35. Qxc5+ Nxc5 36. Kd2 Bd4 37. Rd1 Bb2 38. b4 Na4 39. Bg4 Bd5 40. Ke3 Kc7 41. f5 Bxe5 42. fxe6 Nb6 43. e7 Nc4+ 44. Ke2 Bc6 45. Bh5 Nd6 46. Rxd6 Kxd6 47. e8Q Bxe8 48. Bxe8 Bb2 49. a4 bxa4 1/2-1/2

[Event "EU Union-ch U12"]
[Site "Kouty nad Desnou"]
[Date "2018.08.14"]
[Round "8"]
[White "Lappi, Aurora"]
[Black "Grunert, Wilhelm"]
[Result "0-1"]
[WhiteElo "1086"]
[BlackElo "1738"]
[PlyCount "120"]
[EventDate "2018.08.07"]
[EventType "swiss"]
[EventRounds "9"]
[EventCountry "CZE"]
[SourceTitle "CBM 186 Extra"]
[Source "ChessBase"]
[SourceDate "2018.08.24"]
[SourceVersion "1"]
[SourceVersionDate "2018.08.24"]
[SourceQuality "1"]

1. d4 Nf6 2. Nf3 g6 3. c4 Bg7 4. Nc3 0-0 5. e4 d6 6. Be3 e5 7. Bg5 h6 8. Bh4 Nc6 9. dxe5 Nxe5 10. Nxe5 dxe5 11. Nd5 g5 12. Bg3 Nxe4 13. Qf3 Nxg3 14. Qxg3 c6 15. Nc3 f5 16. Rd1 f4 17. Qf3 Qe7 18. h3 Bf5 19. Bd3 e4 20. Bxe4 Bxc3+ 21. bxc3 Qxe4+ 22. Qxe4 Bxe4 23. 0-0 Rad8 24. c5 Bd5 25. a3 Bc4 26. Rfe1 Rxd1 27. Rxd1 Bd5 28. Rb1 Rf7 29. Re1 Kf8 30. g3 Re7 31. Rd1 fxg3 32. fxg3 Re3 33. Rf1+ Rf3 34. Rxf3+ Bxf3 35. Kf2 Bd5 36. Ke3 Ke7 37. Kd4 Ke6 38. Ke3 Ke5 39. a4 a5 40. h4 g4 41. Kd3 Bb3 42. c4 Bxa4 43. Kc3 Bd1 44. h5 a4 45. Kb2 Kd4 46. Kc1 Kxc4 47. Kxd1 Kxc5 48. Kc2 Kd4 49. Kd2 b5 50. Kc2 b4 51. Kb2 a3+ 52. Ka2 c5 53. Kb3 c4+ 54. Kxb4 a2 55. Kb5 a1Q 56. Kb6 Kd5 57. Kb7 Qf6 58. Kb8 Qe7 59. Ka8 Kc6 60. Kb8 Qb7# 0-1

[Event "EU Union-ch U12"]
[Site "Kouty nad Desnou"]
[Date "2018.08.11"]
[Round "5"]
[White "Vankova, Marie"]
[Black "Grunert, Wilhelm"]
[Result "0-1"]
[WhiteElo "1321"]
[BlackElo "1738"]
[PlyCount "74"]
[EventDate "2018.08.07"]
[EventType "swiss"]
[EventRounds "9"]
[EventCountry "CZE"]
[SourceTitle "CBM 186 Extra"]
[Source "ChessBase"]
[SourceDate "2018.08.24"]
[SourceVersion "1"]
[SourceVersionDate "2018.08.24"]
[SourceQuality "1"]

1. e4 c5 2. Nf3 Nc6 3. d4 cxd4 4. Nxd4 Nf6 5. Nc3 e5 6. Ndb5 d6 7. Nd5 Nxd5 8. exd5 Ne7 9. c3 Ng6 10. Qa4 Bd7 11. Qb4 Qb8 12. Qc4 Kd8 13. Be3 b6 14. Be2 a6 15. Na3 b5 16. Qd3 Be7 17. Qd2 Bf6 18. 0-0 Ke7 19. b3 Rc8 20. Rfc1 Qb7 21. Nc2 a5 22. Ne1 Rc7 23. c4 Rac8 24. Qxa5 b4 25. Nc2 e4 26. Bb6 Bc3 27. Bxc7 Rxc7 28. c5 Rxc5 29. Qa6 Qxa6 30. Bxa6 Bxa1 31. Bc4 Bc3 32. Kf1 Ne5 33. Ne3 Bd2 34. Rc2 Bxe3 35. fxe3 Nxc4 36. bxc4 Rxc4 37. Rb2 f5 0-1

[Event "EU Union-ch U12"]
[Site "Kouty nad Desnou"]
[Date "2018.08.10"]
[Round "4"]
[White "Grunert, Wilhelm"]
[Black "Nespora, Tatana"]
[Result "0-1"]
[WhiteElo "1738"]
[BlackElo "1290"]
[PlyCount "60"]
[EventDate "2018.08.07"]
[EventType "swiss"]
[EventRounds "9"]
[EventCountry "CZE"]
[SourceTitle "CBM 186 Extra"]
[Source "ChessBase"]
[SourceDate "2018.08.24"]
[SourceVersion "1"]
[SourceVersionDate "2018.08.24"]
[SourceQuality "1"]

1. e4 c5 2. Nf3 e6 3. c3 d5 4. exd5 exd5 5. Be2 Nf6 6. 0-0 Be6 7. d4 Nbd7 8. Ng5 Bf5 9. Be3 Be7 10. dxc5 Nxc5 11. Bxc5 Bxc5 12. Bb5+ Bd7 13. Re1+ Be7 14. Bxd7+ Qxd7 15. Qe2 0-0 16. Qxe7 Rae8 17. Qxf8+ Kxf8 18. Nd2 Rxe1+ 19. Rxe1 Qf5 20. Ngf3 Qc2 21. Rb1 Ne4 22. Re1 Nxd2 23. Ne5 Qf5 24. f3 f6 25. g4 Qc8 26. Re2 fxe5 27. Rxd2 Qc5+ 28. Kg2 d4 29. cxd4 exd4 30. Kf2 d3+ 0-1

[Event "GER-ch U25-B"]
[Site "Willingen"]
[Date "2018.05.23"]
[Round "5"]
[White "Grunert, Wilhelm"]
[Black "Adelmeyer, Matti"]
[Result "1/2-1/2"]
[WhiteElo "1672"]
[BlackElo "1834"]
[PlyCount "100"]
[EventDate "2018.05.19"]
[EventType "swiss"]
[EventRounds "9"]
[EventCountry "GER"]
[SourceTitle "CBM 184 Extra"]
[Source "ChessBase"]
[SourceDate "2018.06.28"]
[SourceVersion "1"]
[SourceVersionDate "2018.06.28"]
[SourceQuality "1"]

1. e4 e5 2. Nf3 Nc6 3. Bb5 a6 4. Ba4 Nf6 5. 0-0 Nxe4 6. d4 b5 7. Bb3 d5 8. dxe5 Be6 9. Nbd2 Nc5 10. Re1 Be7 11. Nf1 Nxb3 12. axb3 0-0 13. Ng3 Qd7 14. Be3 Bg4 15. Bf4 f6 16. e6 Bxe6 17. Bxc7 Bg4 18. Bf4 Bc5 19. h3 Be6 20. Qd2 Rfd8 21. Rad1 d4 22. Ne4 Bb4 23. c3 dxc3 24. Qxd7 Rxd7 25. Rxd7 cxb2 26. Rdd1 Bxe1 27. Rxe1 Bxb3 28. Ned2 Bc2 29. Bd6 b4 30. Bc5 Rd8 31. Re6 Ne5 32. Nxe5 fxe5 33. Rd6 Rxd6 34. Bxd6 a5 35. Bxe5 b1Q+ 36. Nxb1 Bxb1 37. Kf1 a4 38. Ke2 a3 39. Kd2 b3 40. Bd6 a2 41. Be5 Be4 42. f3 Bd5 43. Ke3 Kf7 44. g4 g5 45. f4 h6 46. fxg5 hxg5 47. Kd2 Ke6 48. Bg7 Kd6 49. Kc1 Kc5 50. Kb2 Kc4 1/2-1/2

[Event "EU Union-ch U12"]
[Site "Kouty nad Desnou"]
[Date "2017.08.27"]
[Round "9"]
[White "Grunert, Wilhelm"]
[Black "Sevcikova, Lucia"]
[Result "0-1"]
[WhiteElo "1582"]
[BlackElo "1606"]
[PlyCount "28"]
[EventDate "2017.08.19"]
[EventType "swiss"]
[EventRounds "9"]
[EventCountry "CZE"]
[SourceTitle "CBM 180 Extra"]
[Source "ChessBase"]
[SourceDate "2017.10.06"]
[SourceVersion "1"]
[SourceVersionDate "2017.10.06"]
[SourceQuality "1"]

1. e4 e5 2. Nf3 Nc6 3. Bb5 f5 4. Nc3 fxe4 5. Nxe4 d5 6. Nxe5 dxe4 7. Nxc6 Qd5 8. c4 Qc5 9. d4 Qf5 10. g4 Qf6 11. d5 a6 12. g5 Qd6 13. Qa4 bxc6 14. c5 cxb5 0-1

[Event "EU Union-ch U12"]
[Site "Kouty nad Desnou"]
[Date "2017.08.24"]
[Round "6"]
[White "Lovcican, Tomas"]
[Black "Grunert, Wilhelm"]
[Result "0-1"]
[WhiteElo "1553"]
[BlackElo "1582"]
[PlyCount "54"]
[EventDate "2017.08.19"]
[EventType "swiss"]
[EventRounds "9"]
[EventCountry "CZE"]
[SourceTitle "CBM 180 Extra"]
[Source "ChessBase"]
[SourceDate "2017.10.06"]
[SourceVersion "1"]
[SourceVersionDate "2017.10.06"]
[SourceQuality "1"]

1. d4 Nf6 2. c4 g6 3. Nc3 Bg7 4. e4 d6 5. Nf3 0-0 6. Be2 Nc6 7. 0-0 e5 8. d5 Ne7 9. Ne1 Ne8 10. Nd3 f5 11. f3 f4 12. Bd2 g5 13. Rc1 h5 14. Nb5 a6 15. Na3 Nf6 16. c5 g4 17. cxd6 cxd6 18. Be1 Rf7 19. Kh1 Bf8 20. Rg1 Rg7 21. Nc4 a5 22. Qb3 g3 23. hxg3 fxg3 24. Ncxe5 dxe5 25. d6+ Ned5 26. Nxe5 Kh7 27. exd5 Ne4 0-1

[Event "EU Union-ch U12"]
[Site "Kouty nad Desnou"]
[Date "2017.08.22"]
[Round "4"]
[White "Grunert, Wilhelm"]
[Black "Indriunas, Matas"]
[Result "0-1"]
[WhiteElo "1582"]
[BlackElo "1829"]
[PlyCount "59"]
[EventDate "2017.08.19"]
[EventType "swiss"]
[EventRounds "9"]
[EventCountry "CZE"]
[SourceTitle "CBM 180 Extra"]
[Source "ChessBase"]
[SourceDate "2017.10.06"]
[SourceVersion "1"]
[SourceVersionDate "2017.10.06"]
[SourceQuality "1"]

1. e4 c5 2. Nf3 e6 3. d4 cxd4 4. Nxd4 Bc5 5. Nc3 Qb6 6. Be3 Nc6 7. Na4 Qa5+ 8. c3 Bxd4 9. Bxd4 Nxd4 10. Qxd4 e5 11. Qc4 Nf6 12. f3 0-0 13. 0-0-0 d6 14. Qb5 Qc7 15. Qb4 Bd7 16. Bb5 Rfd8 17. g4 a5 18. Qb3 Be6 19. Qa3 Rac8 20. h4 d5 21. h5 dxe4 22. Rxd8+ Qxd8 23. g5 Nxh5 24. Rxh5 g6 25. Rh1 Qxg5+ 26. Kb1 exf3 27. Qd6 e4 28. Qh2 Qxb5 29. Qxh7+ Kf8 30. Qh4 0-1

[Event "EU Union-ch U12"]
[Site "Kouty nad Desnou"]
[Date "2017.08.20"]
[Round "2"]
[White "Pasti, Aron"]
[Black "Grunert, Wilhelm"]
[Result "1-0"]
[WhiteElo "1881"]
[BlackElo "1582"]
[PlyCount "77"]
[EventDate "2017.08.19"]
[EventType "swiss"]
[EventRounds "9"]
[EventCountry "CZE"]
[SourceTitle "CBM 180 Extra"]
[Source "ChessBase"]
[SourceDate "2017.10.06"]
[SourceVersion "1"]
[SourceVersionDate "2017.10.06"]
[SourceQuality "1"]

1. e4 c5 2. Nf3 Nc6 3. d4 cxd4 4. Nxd4 g6 5. c4 Nf6 6. Nc3 Nxd4 7. Qxd4 d6 8. f3 Bg7 9. Be3 0-0 10. Qd2 Be6 11. Rc1 Rc8 12. b3 b6 13. Be2 Nd7 14. 0-0 Ne5 15. Bh6 a6 16. Bxg7 Kxg7 17. f4 Nc6 18. f5 Bd7 19. Nd5 Ne5 20. Nxe7 f6 21. Nxc8 Bxc8 22. Rcd1 Nf7 23. fxg6 hxg6 24. Qf4 Qe7 25. Qe3 Ng5 26. Qxb6 Nxe4 27. Bf3 Bb7 28. Rfe1 f5 29. Bxe4 Bxe4 30. Qxd6 Qg5 31. Qd4+ Kh7 32. Qd2 Qg4 33. Qe2 Qg5 34. Rd7+ Kg8 35. Qd2 Qg4 36. h3 Qg3 37. Rxe4 fxe4 38. Qd5+ Kh8 39. Qd4+ 1-0

[Event "GER-ch U25-A"]
[Site "Willingen"]
[Date "2017.06.06"]
[Round "4"]
[White "Grunert, Wilhelm"]
[Black "Schlick, Stefan"]
[Result "1/2-1/2"]
[WhiteElo "1558"]
[BlackElo "1888"]
[PlyCount "119"]
[EventDate "2017.06.04"]
[EventType "swiss"]
[EventRounds "9"]
[EventCountry "GER"]
[SourceTitle "CBM 178 Extra"]
[Source "ChessBase"]
[SourceDate "2017.06.22"]
[SourceVersion "1"]
[SourceVersionDate "2017.06.22"]
[SourceQuality "1"]

1. e4 e5 2. Nf3 Nc6 3. Bb5 Nf6 4. 0-0 Nxe4 5. Re1 Nd6 6. Nxe5 Be7 7. Bxc6 dxc6 8. d4 0-0 9. Nc3 Be6 10. Bf4 Bf6 11. Qf3 Nf5 12. Rad1 Nxd4 13. Qe4 c5 14. Be3 Bf5 15. Qf4 Bxc2 16. Rd2 Re8 17. Bxd4 cxd4 18. Rxd4 Qe7 19. Nd5 Qxe5 20. Rxe5 Bxe5 21. Qd2 Bxd4 22. Nxc7 Red8 23. Nxa8 Bxf2+ 24. Qxf2 Rd1+ 25. Qf1 Kf8 26. Nc7 Rxf1+ 27. Kxf1 Bb1 28. a3 Bd3+ 29. Kf2 Bc4 30. Ke3 Ke7 31. Kd4 Kd7 32. Kxc4 Kxc7 33. Kd5 Kd7 34. g3 f6 35. h3 g6 36. b3 h5 37. b4 g5 38. a4 Ke7 39. a5 Kd7 40. b5 Ke7 41. a6 bxa6 42. bxa6 Kd7 43. g4 h4 44. Kd4 Kd6 45. Ke4 Ke6 46. Kd4 f5 47. gxf5+ Kxf5 48. Ke3 g4 49. hxg4+ Kxg4 50. Kf2 Kf4 51. Kg2 Ke4 52. Kh3 Kd5 53. Kxh4 Kc4 54. Kg4 Kb5 55. Kf3 Kxa6 56. Ke3 Kb5 57. Kd3 Kb4 58. Kc2 Ka3 59. Kb1 Kb3 60. Ka1 1/2-1/2

[Event "GER-ch U25-A"]
[Site "Willingen"]
[Date "2017.06.04"]
[Round "2"]
[White "Grunert, Wilhelm"]
[Black "Unbehend, Marius"]
[Result "1-0"]
[WhiteElo "1558"]
[BlackElo "1391"]
[PlyCount "37"]
[EventDate "2017.06.04"]
[EventType "swiss"]
[EventRounds "9"]
[EventCountry "GER"]
[SourceTitle "CBM 178 Extra"]
[Source "ChessBase"]
[SourceDate "2017.06.22"]
[SourceVersion "1"]
[SourceVersionDate "2017.06.22"]
[SourceQuality "1"]

1. e4 e6 2. d4 d5 3. Nd2 Nf6 4. e5 Nfd7 5. Bd3 c5 6. c3 Nc6 7. Ne2 cxd4 8. cxd4 f6 9. Nf4 Nxd4 10. Qh5+ Ke7 11. Ng6+ hxg6 12. exf6+ gxf6 13. Qxh8 Ne5 14. Qh7+ Kd6 15. Bxg6 Nxg6 16. Qxg6 Qc7 17. 0-0 Be7 18. b3 Bd7 19. Ba3+ 1-0

[Event "GER-chT U14"]
[Site "Duesseldorf"]
[Date "2016.12.27"]
[Round "2.4"]
[White "Koll, Linus"]
[Black "Grunert, Wilhelm"]
[Result "1-0"]
[WhiteElo "1650"]
[BlackElo "1574"]
[PlyCount "88"]
[EventDate "2016.12.27"]
[EventType "team-swiss"]
[EventRounds "7"]
[EventCountry "GER"]
[SourceTitle "EXT 2018"]
[Source "ChessBase"]
[SourceDate "2017.10.13"]
[SourceVersion "1"]
[SourceVersionDate "2017.10.13"]
[SourceQuality "1"]
[WhiteTeam "Karlsruhe SF U14"]
[BlackTeam "Muenchen Suedost U14"]
[WhiteTeamCountry "GER"]
[BlackTeamCountry "GER"]

1. e4 c5 2. Nf3 Nc6 3. d4 cxd4 4. Nxd4 g6 5. c4 Bg7 6. Be3 Nf6 7. Nc3 d6 8. Be2 Bd7 9. h3 0-0 10. Qd2 Rc8 11. 0-0 b6 12. Rfd1 Nxd4 13. Bxd4 Ne8 14. f4 Nc7 15. Bxg7 Kxg7 16. e5 dxe5 17. Qxd7 exf4 18. Qxd8 Rfxd8 19. Rxd8 Rxd8 20. Rd1 Rxd1+ 21. Bxd1 f5 22. a4 a6 23. b4 Kf6 24. a5 bxa5 25. bxa5 Ke5 26. Nd5 Kd6 27. Be2 g5 28. Nxc7 Kxc7 29. c5 Kc6 30. Bxa6 Kxc5 31. Bc8 Kb5 32. a6 Kb6 33. a7 Kxa7 34. Bxf5 h6 35. Kf2 Kb6 36. Kf3 Kc5 37. Ke4 Kd6 38. Bg4 Kc5 39. Ke5 Kc4 40. Ke6 Kd3 41. Kxe7 Ke3 42. Kf6 Kf2 43. Bf3 g4 44. hxg4 Kg3 1-0

[Event "EU Union-ch U10"]
[Site "Kouty nad Desnou"]
[Date "2016.08.11"]
[Round "6"]
[White "Grunert, Wilhelm"]
[Black "Rackauskas, Karolis"]
[Result "1/2-1/2"]
[WhiteElo "1381"]
[BlackElo "1215"]
[PlyCount "65"]
[EventDate "2016.08.06"]
[EventType "swiss"]
[EventRounds "9"]
[EventCountry "CZE"]
[SourceTitle "CBM 174 Extra"]
[Source "ChessBase"]
[SourceDate "2016.10.10"]
[SourceVersion "1"]
[SourceVersionDate "2016.10.10"]
[SourceQuality "1"]

1. e4 c6 2. d4 d5 3. exd5 cxd5 4. c4 Nf6 5. Nc3 Bg4 6. Nf3 e6 7. Qb3 Qb6 8. Qxb6 axb6 9. cxd5 Bxf3 10. gxf3 Nxd5 11. Nxd5 exd5 12. Bg2 Nc6 13. Be3 Nb4 14. Ke2 Rxa2 15. Bd2 Ra6 16. Bxb4 Bxb4 17. f4 0-0 18. Bxd5 Re8+ 19. Kd3 Re7 20. Rhc1 g6 21. Rxa6 bxa6 22. Rc6 Ba5 23. Kc4 b5+ 24. Kd3 Ra7 25. Be4 Bc7 26. Ke3 Kf8 27. h4 f5 28. Bd5 Kg7 29. Re6 Bd8 30. Bc6 Re7 31. Rxe7+ Bxe7 32. d5 Bd6 33. Bb7 1/2-1/2

[Event "EU Union-ch U10"]
[Site "Kouty nad Desnou"]
[Date "2016.08.10"]
[Round "5"]
[White "Kostov, Deyan Samuil"]
[Black "Grunert, Wilhelm"]
[Result "1-0"]
[WhiteElo "1698"]
[BlackElo "1381"]
[PlyCount "78"]
[EventDate "2016.08.06"]
[EventType "swiss"]
[EventRounds "9"]
[EventCountry "CZE"]
[SourceTitle "CBM 174 Extra"]
[Source "ChessBase"]
[SourceDate "2016.10.10"]
[SourceVersion "1"]
[SourceVersionDate "2016.10.10"]
[SourceQuality "1"]

1. e4 c5 2. Nf3 Nc6 3. c3 d5 4. exd5 Qxd5 5. d4 e6 6. Be3 Nf6 7. dxc5 Qxd1+ 8. Kxd1 Nd5 9. Bd4 f6 10. Bc4 Be7 11. Re1 Na5 12. Bxd5 exd5 13. Na3 a6 14. b4 Nc6 15. Nc2 Bg4 16. Ne3 Bxf3+ 17. gxf3 Rd8 18. Nf5 Kf7 19. Kd2 Rhe8 20. Re2 Bf8 21. Rae1 g6 22. Rxe8 Rxe8 23. Rxe8 Kxe8 24. Ne3 Nxd4 25. cxd4 Bh6 26. Kd3 Bxe3 27. Kxe3 g5 28. f4 h5 29. fxg5 fxg5 30. a4 Kd7 31. b5 axb5 32. axb5 Kc7 33. f4 g4 34. f5 h4 35. f6 g3 36. h3 g2 37. Kf2 g1Q+ 38. Kxg1 b6 39. cxb6+ Kxb6 1-0

[Event "EU Union-ch U10"]
[Site "Kouty nad Desnou"]
[Date "2016.08.07"]
[Round "2"]
[White "Grunert, Wilhelm"]
[Black "Griksaite, Egle"]
[Result "1-0"]
[WhiteElo "1381"]
[BlackElo "1011"]
[PlyCount "73"]
[EventDate "2016.08.06"]
[EventType "swiss"]
[EventRounds "9"]
[EventCountry "CZE"]
[SourceTitle "CBM 174 Extra"]
[Source "ChessBase"]
[SourceDate "2016.10.10"]
[SourceVersion "1"]
[SourceVersionDate "2016.10.10"]
[SourceQuality "1"]

1. e4 e5 2. Nf3 Nc6 3. Bb5 d6 4. d4 Bd7 5. 0-0 Nf6 6. Bg5 Be7 7. Nc3 0-0 8. Qd2 Bg4 9. Bxc6 bxc6 10. dxe5 dxe5 11. Qxd8 Rfxd8 12. Nxe5 Rd6 13. Bxf6 Bxf6 14. Nxg4 Rad8 15. Nxf6+ gxf6 16. Rad1 Rxd1 17. Rxd1 Re8 18. Rd7 Rc8 19. b4 a6 20. a4 Kf8 21. b5 Rb8 22. bxc6 Rc8 23. Nd5 Rb8 24. g3 f5 25. exf5 Rb1+ 26. Kg2 Ke8 27. Nxc7+ Kf8 28. Nd5 Rb8 29. c7 Rc8 30. Rd8+ Rxd8 31. cxd8Q+ Kg7 32. Qf6+ Kg8 33. Ne7+ Kf8 34. Ng6+ hxg6 35. fxg6 Kg8 36. Qxf7+ Kh8 37. Qh7# 1-0

[Event "EU Union-ch U10"]
[Site "Kouty nad Desnou"]
[Date "2016.08.06"]
[Round "1"]
[White "Nespora, Tatana"]
[Black "Grunert, Wilhelm"]
[Result "1-0"]
[WhiteElo "1083"]
[BlackElo "1381"]
[PlyCount "89"]
[EventDate "2016.08.06"]
[EventType "swiss"]
[EventRounds "9"]
[EventCountry "CZE"]
[SourceTitle "CBM 174 Extra"]
[Source "ChessBase"]
[SourceDate "2016.10.10"]
[SourceVersion "1"]
[SourceVersionDate "2016.10.10"]
[SourceQuality "1"]

1. e4 c5 2. Nf3 Nc6 3. Nc3 g6 4. Bb5 Bg7 5. Bxc6 dxc6 6. h3 Nf6 7. d3 0-0 8. 0-0 b6 9. Be3 Qc7 10. Qd2 Rd8 11. Bh6 c4 12. d4 c5 13. d5 e6 14. Bxg7 Kxg7 15. Nb5 Qd7 16. d6 Qxb5 17. e5 Nd5 18. Qg5 Bb7 19. Rab1 Qa4 20. c3 Qxa2 21. Ra1 Qxb2 22. Rxa7 Rxa7 23. Qxd8 Ra8 24. Qd7 Ba6 25. Ng5 Rf8 26. Nxe6+ Kg8 27. Nxf8 Kxf8 28. Qd8+ Kg7 29. d7 Bb5 30. Qf6+ Nxf6 31. exf6+ Kxf6 32. d8Q+ Kg7 33. Qxb6 Qb3 34. Qxc5 Ba4 35. Qd4+ f6 36. Re1 Qb7 37. Qd6 Kh6 38. Re7 Qb1+ 39. Kh2 Qf5 40. Qc7 g5 41. Qb8 Qg6 42. Qf8+ Kh5 43. Qh8 Bc2 44. Rg7 Qf5 45. g4+ 1-0

[Event "GER-ch U10"]
[Site "Willingen"]
[Date "2016.05.16"]
[Round "4.10"]
[White "Grunert, Wilhelm"]
[Black "Huo, Da"]
[Result "1-0"]
[WhiteElo "1487"]
[BlackElo "1371"]
[PlyCount "120"]
[EventDate "2016.05.15"]
[EventType "swiss"]
[EventRounds "11"]
[EventCountry "GER"]
[SourceTitle "CBM 172 Extra"]
[Source "ChessBase"]
[SourceDate "2016.06.21"]
[SourceVersion "1"]
[SourceVersionDate "2016.06.21"]
[SourceQuality "1"]

1. e4 c5 2. Nf3 Nc6 3. d4 cxd4 4. Nxd4 g6 5. Nc3 Bg7 6. Be3 Nf6 7. Bc4 d6 8. Bb3 Bd7 9. f3 a6 10. Qd2 0-0 11. 0-0-0 b5 12. g4 Na5 13. Bh6 Qc7 14. h4 Nxb3+ 15. axb3 Rfb8 16. Bxg7 Kxg7 17. h5 b4 18. Nb1 Rc8 19. hxg6 fxg6 20. Qh6+ Kg8 21. g5 Nh5 22. Rdg1 Be8 23. Rh2 e5 24. Ne6 Qe7 25. Nd2 Qxe6 26. Rxh5 Qf7 27. Rh2 Bb5 28. Rgh1 Ra7 29. Qh3 Re8 30. Nf1 Bxf1 31. Qxf1 Qf4+ 32. Kb1 Qxg5 33. Qc4+ Kh8 34. Qxb4 Qf6 35. Qb6 Rd7 36. Qc6 Red8 37. Rh3 Ra7 38. Qb6 Rda8 39. Rd1 Rd7 40. Qc6 Qd8 41. Rh2 Qc8 42. Rxd6 Qxc6 43. Rxc6 Rd1+ 44. Ka2 Rf1 45. Rxg6 Rxf3 46. Rgh6 Rf7 47. R2h5 Re7 48. Ka3 Rc8 49. c3 Ra8 50. Ka4 Raa7 51. Ka5 Rab7 52. b4 Ra7 53. Rxa6 Rxa6+ 54. Kxa6 Kg7 55. b5 Kg6 56. Rf5 h5 57. b6 h4 58. b7 Re6+ 59. Ka7 Re7 60. Ka8 Re8+ 1-0

[Event "GER-ch U10"]
[Site "Willingen"]
[Date "2016.05.15"]
[Round "1.13"]
[White "Langer, Paul Georg"]
[Black "Grunert, Wilhelm"]
[Result "0-1"]
[WhiteElo "1170"]
[BlackElo "1487"]
[PlyCount "60"]
[EventDate "2016.05.15"]
[EventType "swiss"]
[EventRounds "11"]
[EventCountry "GER"]
[SourceTitle "CBM 172 Extra"]
[Source "ChessBase"]
[SourceDate "2016.06.21"]
[SourceVersion "1"]
[SourceVersionDate "2016.06.21"]
[SourceQuality "1"]

1. e4 c5 2. Nc3 Nc6 3. Bc4 g6 4. d3 Bg7 5. Nge2 Nf6 6. Be3 b6 7. h3 0-0 8. f4 d6 9. Qd2 Bb7 10. Ng3 Nd4 11. Nb5 e5 12. c3 a6 13. Nxd4 exd4 14. cxd4 b5 15. Bb3 c4 16. dxc4 bxc4 17. Bxc4 Nxe4 18. Nxe4 Bxe4 19. 0-0 d5 20. Bd3 Qb6 21. Be2 Rab8 22. b3 Rfc8 23. Rac1 Rc6 24. Rxc6 Qxc6 25. Rc1 Qb7 26. Qa5 Rc8 27. Rxc8+ Qxc8 28. Bxa6 Qc2 29. Qd2 Bxd4 30. Qxd4 Qxg2# 0-1

[Event "Bayernliga U20 1516"]
[Site "Bayern"]
[Date "2016.02.27"]
[Round "6.6"]
[White "Grunert, Wilhelm"]
[Black "Wegmann, Sven"]
[Result "0-1"]
[WhiteElo "1632"]
[BlackElo "1666"]
[PlyCount "94"]
[EventDate "2015.11.21"]
[EventType "team-tourn"]
[EventRounds "7"]
[EventCountry "GER"]
[SourceTitle "EXT 2022"]
[Source "ChessBase"]
[SourceDate "2021.10.06"]
[SourceVersion "1"]
[SourceVersionDate "2021.10.06"]
[SourceQuality "1"]
[WhiteTeam "Muenchen Suedost SK U20"]
[BlackTeam "Erlangen SC U20"]
[WhiteTeamCountry "GER"]
[BlackTeamCountry "GER"]

1. e4 c5 2. Nf3 d6 3. d4 cxd4 4. Nxd4 Nf6 5. Nc3 g6 6. Be3 Bg7 7. Bc4 Ng4 8. Qd2 Nxe3 9. Qxe3 0-0 10. 0-0-0 Bd7 11. h4 h5 12. f3 Qb6 13. Nd5 Qd8 14. Rhg1 e6 15. Nc3 Kh7 16. g4 Bh6 17. g5 Bg7 18. Ncb5 Bxb5 19. Nxb5 Nc6 20. Rxd6 Qe7 21. Rgd1 a6 22. Nc3 e5 23. Rd7 Qe8 24. Nd5 Nd4 25. Rxb7 Qc6 26. Rc7 Qd6 27. c3 Rac8 28. cxd4 Rxc7 29. Nxc7 Qxc7 30. Qd3 Rc8 31. b3 exd4 32. Kb1 a5 33. Rc1 Qf4 34. Rg1 Rc7 35. Qc2 Qd6 36. Rf1 Be5 37. Qd2 Qb6 38. f4 Rxc4 39. fxe5 Rc7 40. Rd1 Rd7 41. Qf2 a4 42. Kb2 Qb4 43. Rc1 a3+ 44. Kb1 d3 45. Rc4 d2 46. Rc1 Qxe4+ 47. Ka1 dxc1R# 0-1

[Event "GER-chT U12"]
[Site "Magdeburg"]
[Date "2015.12.29"]
[Round "6.4"]
[White "Seidel, Arne Christian"]
[Black "Grunert, Wilhelm"]
[Result "1-0"]
[WhiteElo "1488"]
[BlackElo "1355"]
[PlyCount "55"]
[EventDate "2015.12.27"]
[EventType "team-swiss"]
[EventRounds "7"]
[EventCountry "GER"]
[SourceTitle "EXT 2017"]
[Source "ChessBase"]
[SourceDate "2016.10.25"]
[SourceVersion "1"]
[SourceVersionDate "2016.10.25"]
[SourceQuality "1"]
[WhiteTeam "Halle Reideburger"]
[BlackTeam "Muenchen Suedost"]
[WhiteTeamCountry "GER"]
[BlackTeamCountry "GER"]

1. e4 d5 2. Nc3 dxe4 3. Nxe4 Qd5 4. Nc3 Qa5 5. d4 Nf6 6. Bd2 c6 7. Nf3 Bg4 8. h3 Bh5 9. Bc4 Qc7 10. g4 Bg6 11. Ne5 Nbd7 12. f4 Be4 13. Bxf7+ Kd8 14. Nxe4 Nxe4 15. Be3 Nb6 16. Qf3 Nf6 17. c4 Nfd7 18. 0-0 Nxe5 19. dxe5 Kc8 20. Be6+ Kb8 21. c5 Na4 22. Qe4 Nxb2 23. Rab1 h5 24. g5 Qa5 25. Rxb2 Kc7 26. Rd1 g6 27. Rd7+ Kb8 28. Rdxb7# 1-0